000 00369 a2200133 4500
001 88829
082 _aPR 752
090 _c41970
_d41970
100 _aM Ashfaq
245 _ainvestigation of fuselage contribution to the longitudiwal static stability
260 _aKarachi
_bUniversity of Karachi
_c1979
300 _a90p.
_eImtiaz A Khan
500 _aBE Project Report
942 _aCAE NUST
_kPR 752
999 _c323902
_d323902